New guidance on Emas performance indicators (Record no. 73085)

MARC details
000 -LEADER
fixed length control field 01019cam a2200217 4500
001 - CONTROL NUMBER
control field WB3928-04
008 - FIXED-LENGTH DATA ELEMENTS--GENERAL INFORMATION
fixed length control field 030722n2003 000 0 eng u
035 ## - SYSTEM CONTROL NUMBER
System control number (Sirsi) u123078
245 ## - TITLE STATEMENT
Title New guidance on Emas performance indicators
260 ## - PUBLICATION, DISTRIBUTION, ETC.
Date of publication, distribution, etc. 2003
490 ## - SERIES STATEMENT
Series statement RICS Brussels Briefing
Volume/sequential designation 21 July 2003 (1)
520 ## - SUMMARY, ETC.
Summary, etc. Organisations registered to the Emas environmental management standard have been offered new guidance http://europa.eu.int/comm/environment/emas/index_en.htm from the European Commission. The aim is to assist companies that are increasingly scrutinised by ranking agencies and financial advisory firms in managing their impacts. http://www.rics.org/ricscms/bin/show?class=Brief&template=/includes/showbrief.html&id=512
590 ## - LOCAL NOTE (RLIN)
Local note WB
650 ## - SUBJECT ADDED ENTRY--TOPICAL TERM
Topical term or geographic name entry element EMAS
650 ## - SUBJECT ADDED ENTRY--TOPICAL TERM
Topical term or geographic name entry element PERFORMANCE INDICATORS
650 ## - SUBJECT ADDED ENTRY--TOPICAL TERM
Topical term or geographic name entry element EUROPEAN COMMISSION
650 ## - SUBJECT ADDED ENTRY--TOPICAL TERM
Topical term or geographic name entry element ENVIRONMENTAL MANAGEMENT SCHEMES
650 ## - SUBJECT ADDED ENTRY--TOPICAL TERM
Topical term or geographic name entry element GUIDANCE
690 ## - LOCAL SUBJECT ADDED ENTRY--TOPICAL TERM (OCLC, RLIN)
Topical term or geographic name as entry element ENVIRONMENTAL AND LAND CONSULTANCY-ENVIRONMENTAL MANAGEMENT
942 ## - ADDED ENTRY ELEMENTS (KOHA)
Suppress in OPAC 0
Holdings
Withdrawn status Lost status Source of classification or shelving scheme Damaged status Not for loan Home library Current library Shelving location Date acquired Total Checkouts Full call number Barcode Date last seen Copy number Price effective from Koha item type
    Dewey Decimal Classification     London London News article 22/07/2003   WB3928-04 123078-1001 06/08/2019 1 06/08/2019 News article